000 01004nam a22002297a 4500
005 20250401165906.0
008 250401b |||||||| |||| 00| 0 eng d
020 _a978-93-86926-6-6
037 _cTB
040 _aCRL
_cCRL
041 _2pun
_apun
084 _aO153:g(Delta73) R4
_qCRL
100 _aਤਲਵਾੜਾ , ਗੁਰਚਰਨ ਸਿੰਘ
245 _aਪੰਜਾਬੀ ਸਾਹਿਤ ਦਾ ਅਲੋਚਨਾਤਮਕ ਇਤਿਹਾਸ
260 _aਅੰਮ੍ਰਿਤਸਰ, ਭਾਰਤ:
_bਵਾਰਿਸ ਸ਼ਾਹ ਫਾਊਂਡੇਸ਼ਨ,
_c2024.
300 _a520p.
650 _aਸਾਹਿਤ
650 _aਸੂਫੀ ਸਾਹਿਤ
650 _aਪੰਜਾਬੀ ਸਾਹਿਤ
942 _2CC
_cTB
_hO153:g(Delta73) R4
_n0
999 _c1308370
_d1308370